[Event "Havana"]
[Site "Havana"]
[Date "1983.??.??"]
[Round "2"]
[White "Vilela de Acuna, Jose Luis"]
[Black "Zaitsev, Igor A"]
[Result "1-0"]
[WhiteElo "2440"]
[BlackElo "2445"]
[Annotator "Belov,I"]
[PlyCount "153"]
[EventDate "1983.??.??"]
[EventType "tourn"]
[EventRounds "13"]
[EventCountry "CUB"]
[EventCategory "7"]
[SourceTitle "MCL"]
[Source "ChessBase"]
[SourceDate "1999.07.01"]
[SourceVersion "1"]
[SourceVersionDate "1999.07.01"]
[SourceQuality "1"]

1. d4 Nf6 2. c4 e6 3. Nf3 d5 4. Nc3 Be7 5. Bg5 h6 6. Bh4 O-O 7. e3 b6 8. Be2
Nbd7 9. cxd5 exd5 (9... Nxd5 10. Nxd5 Bxh4 11. Nxh4 exd5 12. Nf3 c5 13. dxc5
Nxc5 14. O-O $14 {Kortschnoj,V-Balashov,Y/FRG/1979/}) 10. O-O (10. Qa4 Bb7 11.
Ba6 Bxa6 12. Qxa6 c6 13. Rc1 Qc8 14. Qa4 Qb7 $10 {Tal,M-Grirorian,K/Erevan/
1980/}) 10... Bb7 11. Rc1 (11. Qb3 c5 12. Bxf6 Nxf6 13. dxc5 Bxc5 14. Rfd1 Qe7
$10 {Beliavsky,A-Geller,E/URS-ch/1979/}) 11... c5 12. Qc2 (12. Qa4 $142 $1 a6
13. dxc5 bxc5 14. Rfd1 Qb6 15. Qb3 Qa7 16. Bg3 $14 {Karpov,A-Kasparov,G (03)/
Wch-KK1 Moscow/1984/}) 12... Ne4 (12... Rc8 13. Rfd1 Ne4 14. Bxe7 Qxe7 15. dxc5
Rxc5 16. Qb3 Ndf6 $10 {Portisch,L-Geller,E/Moscow/1981/}) 13. Bxe7 Qxe7 14.
dxc5 Nxc3 (14... bxc5 15. Nxe4 dxe4 16. Nd2 $14) (14... Ndxc5 15. Nb5 $16) 15.
Qxc3 bxc5 16. Rfe1 Rfc8 17. Bd3 a5 18. Qa3 {/\19.Bf5/} Rc7 $10 19. Rc2 Nf8 (
19... Qe6 20. Rec1 Bc6 $10) 20. Rec1 c4 (20... Ne6 21. Bf5 c4 22. Qxe7 Rxe7 23.
Bxe6 fxe6 24. Ne5 $16) 21. Qxe7 Rxe7 22. Be2 a4 23. Nd4 Ne6 (23... a3 24. b3
cxb3 25. Nxb3 $16) 24. Nf5 Rd7 25. a3 h5 26. Rd1 g6 27. Nd4 Nxd4 $2 (27... Nc5
$10) 28. Rxd4 $16 Bc6 29. h4 Rb8 30. e4 $1 dxe4 31. Rdxc4 Bd5 32. Rd4 Be6 33.
Rxd7 Bxd7 34. Kh2 Be6 35. Rd2 Bb3 (35... Rb3 36. Bd1) 36. Kg3 Rb6 37. Kf4 Re6
38. Rd4 Bc2 39. Rd2 Bb3 40. Rd4 Bc2 41. Ke3 $1 Kf8 42. Rc4 Bb3 43. Rxe4 Rc6 44.
Bd3 Rc1 45. g3 f6 46. Kd2 Rd1+ 47. Kc3 Rc1+ 48. Kb4 Rd1 49. Kc3 Rc1+ 50. Kb4
Rd1 51. Bb5 Rd2 52. Re2 Rd4+ 53. Kc3 Rd5 54. Bd3 g5 55. Re4 Rc5+ 56. Kb4 Rd5
57. Kc3 Rc5+ 58. Kd2 Rd5 59. Rb4 Kg7 60. Rb7+ Kf8 61. Rb5 Rd8 62. Rc5 $1 (62.
hxg5 Bc4 $19) 62... gxh4 63. gxh4 Rd4 64. Rxh5 $1 $18 Bc4 65. Kc3 Rxd3+ 66.
Kxc4 Rf3 67. Rb5 Rxf2 68. Rb4 Ke7 69. Kb5 f5 70. Kxa4 Ke6 71. Rb6+ Ke5 72. b4
f4 73. Rb8 Rh2 74. Rh8 f3 75. Ka5 Rd2 76. b5 Rd5 77. Rc8 $1 (77. Ka6 $2 f2 78.
Rf8 Rd6+ 79. b6 Rf6 $19) 1-0

[Event "BCF-ch 82nd"]
[Site "Swansea"]
[Date "1995.??.??"]
[Round "9"]
[White "Levitt, Jonathan"]
[Black "Parker, Jonathan"]
[Result "1-0"]
[WhiteElo "2420"]
[BlackElo "2415"]
[Annotator "Bulletin"]
[PlyCount "123"]
[EventDate "1995.08.??"]
[EventType "swiss"]
[EventRounds "11"]
[EventCountry "WLS"]
[SourceTitle "EXT 1997"]
[Source "ChessBase"]
[SourceDate "1996.11.15"]
[SourceVersion "1"]
[SourceVersionDate "1996.11.15"]
[SourceQuality "1"]

1. d4 Nf6 2. c4 e6 3. Nc3 d5 4. Bg5 Be7 5. e3 O-O 6. Nf3 h6 7. Bh4 b6 8. Rb1 (
8. Be2 Bb7 9. Bxf6 Bxf6 10. cxd5 exd5 11. b4) 8... Ne4 {Black takes the game
into a Lasker Defence ( 7..Ne4 ) where White has played and Black b6, this
should favour Black slightly.} 9. Bxe7 Qxe7 10. Qc2 Bb7 (10... Nxc3 11. bxc3
dxc4 12. Bxc4 Bb7) 11. cxd5 exd5 12. Bd3 c5 13. O-O Nd7 14. dxc5 bxc5 15. Rfd1
f5 $1 16. Bf1 Ndf6 17. h3 g5 {[#]} (17... Rac8 18. Rbc1 Rfd8) 18. Rbc1 Rac8 19.
Nd2 g4 {Very double edged because it creates a huge square for white on f4} (
19... Nxf2 {Was even more daring and probably better} 20. Kxf2 d4 (20... Ng4+
21. hxg4 fxg4+ 22. Kg1 Qxe3+ 23. Kh1 d4 24. Qg6+) 21. Bc4+ Kh8 22. exd4 cxd4 (
22... Ng4+ $5 23. hxg4 fxg4+ 24. Kg1 (24. Nf3 gxf3 25. d5 {and the attack runs
out of steam}) 24... Qe3+ 25. Kh2 g3+ 26. Kh1 (26. Kh3 Bxg2+ 27. Kg4 Qf4+ 28.
Kh5 Qh4+ 29. Kg6 Rc6+ 30. Be6 Rxe6#) 26... Bxg2+ 27. Kxg2 Qf2+ 28. Kh3 Qh2+ 29.
Kg4 Qh4#) 23. Re1 Ne4+ (23... Qd6 $1 24. Ne2 (24. Nb5 Qh2 {with a winning
attack} 25. Rg1 Qf4+ 26. Ke1 (26. Nf3 Ne4+ 27. Kf1 Qe3 {Threat Ng3 mate and
wins} 28. Na3) 26... Qe3+ 27. Kf1 Ne4) 24... d3 25. Qxd3 Ne4+ 26. Kg1 Qxd3 27.
Bxd3 Nxd2 28. Rxc8 Bxc8 {Is ok for Black}) 24. Ncxe4 fxe4+ 25. Kg1 e3) 20.
Ndxe4 fxe4 21. g3 $1 Qe5 22. Qd2 gxh3 23. Bxh3 Qh5 $1 24. Be6+ (24. Bxc8 $2
Rxc8 25. Ne2 Ng4 26. Nf4 Qh2+ 27. Kf1 Ba6+ {mates}) 24... Kh8 25. Qe2 (25. Ne2
Ng4 26. Bxg4 Qxg4 27. Nf4 Rxf4 28. exf4 d4 (28... Kg8 29. Qa5 d4 30. Qxa7 Bd5 {
could still be tricky}) 29. Rxc5 Rxc5 30. Qxd4+ Kh7 31. Qd7+ {wins for White})
25... Qg5 26. Na4 $1 c4 27. Nc3 Rce8 28. Bh3 h5 29. Kg2 $1 {White launches his
own attack} Rf7 30. Nb5 Rg7 31. Rh1 Qe5 32. Nd4 Ba6 33. Rh2 Kg8 34. Rch1 Kf8
35. Bf5 Rg5 36. Rxh5 $1 {[#]} Nxh5 37. Rxh5 Rxh5 38. Qxh5 Qf6 39. Bg6 Re5 40.
Nf5 Re6 {Time control, White soon found the winning idea of bringing up the g
pawn} 41. Qh6+ Kg8 42. g4 $1 {[#]} Bc8 43. g5 Qxg6 (43... Qf8 44. Qh7#) 44.
Ne7+ Kf7 45. Nxg6 Rxg6 46. Qh7+ Rg7 47. Qh4 Bf5 48. Qf4 Ke6 49. Kf1 Rb7 50. Qh2
Bg6 51. Qh8 Rf7 52. Qd8 Kf5 53. Qxd5+ Kg4 54. Ke2 Rh7 55. Qe5 Rf7 56. a4 Kh5
57. Qc5 Rb7 58. Qe5 a5 59. Kf1 Rb4 60. Kg2 Rxa4 61. Kg3 Ra1 62. Kf4 1-0

[Event "World Cup"]
[Site "Skelleftea"]
[Date "1989.08.??"]
[Round "4"]
[White "Ribli, Zoltan"]
[Black "Vaganian, Rafael A"]
[Result "1/2-1/2"]
[WhiteElo "2605"]
[BlackElo "2585"]
[Annotator "Bulletin"]
[PlyCount "73"]
[EventDate "1989.08.??"]
[EventType "tourn"]
[EventRounds "15"]
[EventCountry "SWE"]
[EventCategory "16"]
[SourceTitle "CBM 014"]
[Source "ChessBase"]
[SourceDate "1990.02.01"]
[SourceVersion "1"]
[SourceVersionDate "1990.02.01"]
[SourceQuality "1"]

1. Nf3 Nf6 2. c4 e6 3. Nc3 d5 4. d4 Be7 5. Bg5 O-O 6. e3 h6 7. Bh4 b6 8. Be2
Bb7 9. Bxf6 Bxf6 10. cxd5 exd5 11. O-O Qe7 12. Qb3 Rd8 13. Rad1 (13. Rfe1 c5
14. dxc5 Bxc3 15. Qxc3 bxc5 16. Rac1 Nd7 17. Qa3 Rdc8 18. Nd4 Qg5 19. Nf3 Qe7
20. Rc2 a5 $10 {Ribli,Z-Vaganian,R/Niksic/1978/}) 13... c5 (13... c6 14. Rfe1
Nd7 15. Bf1 Nf8 16. e4 dxe4 17. Nxe4 Ne6 18. Bc4 $14 {Nikolic,Pr-Vaganian,R/
Wijk/1989/1/2-1/2/ -> CBM11 Beliavsky,A-Tal,M/URS-ch/1979/ -> Inf.28/551}) 14.
dxc5 Bxc3 15. Qxc3 bxc5 16. Ne5 {'!' Bulletin. Bulletin: 'N'} (16. Qe5 Kf8 17.
Rc1 Nd7 18. Qc7 Rab8 19. Rfe1 $10 {Ribli,Z-Yusupov,A/Barcelona WCup/1989/1/2-1/
2/ -> CBM12}) (16. Rd2 Nd7 17. Rc1 Rdc8 (17... a5 18. Qa3 Qf6 19. Rcd1 Qb6 20.
Ne1 $10 {Timman,J-Yusupov,A/Rotterdam WCup/1989/1/2-1/2/ -> CBM13}) 18. Rdc2
Qd6 19. Bd3 g6 {Nikolic.Pr-Shot,N/barcelona WCup/1989/1/2-1/2/ -> CBM12}) 16...
Nd7 17. Nxd7 Rxd7 18. Bg4 Rdd8 19. Rc1 Qh4 20. h3 h5 21. Be2 Rac8 22. Qa3 d4
23. exd4 {'?' Bulletin.} (23. Rxc5 $1 $16 {Ribli}) 23... cxd4 24. Rxc8 Bxc8 25.
Qxa7 d3 {'-/+!' Bulletin.} 26. Bf3 d2 27. Qa5 g6 28. b4 Bf5 {'?' Bulletin.} (
28... Bd7 $1 $19 {Ribli}) 29. b5 Qd4 30. b6 Be4 31. Be2 Kg7 32. a3 Rd6 33. Qb4
Qxb4 34. axb4 Rxb6 35. f3 Bf5 36. Kf2 Rxb4 37. Rd1 1/2-1/2

[Event "World Cup"]
[Site "Skelleftea"]
[Date "1989.08.??"]
[Round "4"]
[White "Karpov, Anatoly"]
[Black "Portisch, Lajos"]
[Result "1/2-1/2"]
[WhiteElo "2755"]
[BlackElo "2600"]
[Annotator "Bulletin"]
[PlyCount "112"]
[EventDate "1989.08.??"]
[EventType "tourn"]
[EventRounds "15"]
[EventCountry "SWE"]
[EventCategory "16"]
[SourceTitle "CBM 014"]
[Source "ChessBase"]
[SourceDate "1990.02.01"]
[SourceVersion "1"]
[SourceVersionDate "1990.02.01"]
[SourceQuality "1"]

1. d4 Nf6 2. c4 e6 3. Nf3 d5 4. Nc3 Be7 5. Bg5 O-O 6. e3 h6 7. Bh4 b6 8. Rc1
Bb7 9. Bxf6 Bxf6 10. cxd5 exd5 11. Bd3 c5 12. O-O cxd4 13. exd4 {'=' Bulletin.}
(13. Nxd4 $10 Nc6 14. Nce2 Nxd4 15. Nxd4 Bxd4 16. exd4 Re8 (16... Qd6 17. Re1
Rac8 18. Rxc8 Bxc8 19. a3 Bd7 20. Qh5 Re8 {Ribli,Z-Georgiev,Ki/Reggio/1988/1/
2-1/2/49/ -> CBM11}) 17. Qa4 Re7 {Ribli,Z-Beliavsky,A/reykjavik WCup71988/1/
2-1/2/34/ -> CBM10}) 13... Nc6 14. Bb1 {Bulletin: 'N'} (14. Bb5 Qd6 15. Re1
Rfe8 16. Qd3 a6 17. Bxc6 Qxc6 18. Qf5 Rxe1+ 19. Rxe1 Re8 20. Rxe8+ Qxe8 21. h3
Qd8 22. Qf4 {Ro,anishin,O-Boensch,U/dresden/1988/1/2-1/2/80/ ->CBM10}) 14...
Re8 15. Qd3 g6 16. Rfe1 Qd6 17. a3 Rxe1+ 18. Rxe1 Rd8 19. Ba2 Ne7 20. Ne5 h5
21. Nb5 Qb8 22. h3 Kg7 23. Bb3 Ba6 24. Ba4 Rc8 25. Qd2 Bxb5 26. Bxb5 Qd6 27.
Qf4 Bxe5 28. dxe5 Qe6 29. Qa4 Rc7 30. Bd3 a5 31. Qd4 Kg8 32. b4 axb4 33. Qxb4
Ra7 34. a4 Kg7 35. Qd4 Rc7 36. f4 Qc6 37. f5 gxf5 38. e6+ f6 39. Qf4 Qc3 40.
Re3 Qc1+ 41. Kh2 h4 42. Rf3 Qxf4+ 43. Rxf4 Rc3 44. Bxf5 Rc4 45. Rg4+ Kf8 46.
Bb1 Rxg4 47. hxg4 Nc6 48. Kh3 Nd4 49. Kxh4 Nxe6 50. Ba2 Nf4 51. g5 fxg5+ 52.
Kxg5 Nxg2 53. Bxd5 Ne1 54. Be4 Ke7 55. Kf4 Kd6 56. Ke3 Kc5 1/2-1/2

[Event "Hoogovens"]
[Site "Wijk aan Zee"]
[Date "1977.01.27"]
[Round "11"]
[White "Nikolac, Juraj"]
[Black "Geller, Efim P"]
[Result "0-1"]
[WhiteElo "2475"]
[BlackElo "2590"]
[Annotator "Bulletin"]
[PlyCount "146"]
[EventDate "1977.01.14"]
[EventType "tourn"]
[EventRounds "11"]
[EventCountry "NED"]
[EventCategory "11"]
[SourceTitle "MCL"]
[Source "ChessBase"]
[SourceDate "1999.07.01"]
[SourceVersion "1"]
[SourceVersionDate "1999.07.01"]
[SourceQuality "1"]

1. Nf3 Nf6 2. c4 e6 3. d4 d5 4. Nc3 Be7 5. Bg5 O-O 6. e3 h6 7. Bh4 b6 8. Bd3
Bb7 9. O-O Nbd7 10. Rc1 c5 11. Qe2 Rc8 12. cxd5 Nxd5 13. Bxe7 Qxe7 14. Nxd5
Bxd5 15. Bb1 Bb7 16. e4 $6 (16. Rfd1) 16... cxd4 17. Nxd4 Rfd8 18. a3 Rxc1 19.
Rxc1 Nc5 20. Qe3 $2 (20. Nf3) 20... Qf6 $1 21. e5 Qg5 22. Qxg5 hxg5 23. Nb5 Nb3
24. Re1 Rd2 25. Nxa7 Rxb2 26. Bd3 Nc5 27. Bf1 g4 (27... Rb3 $5) 28. Nb5 Ba6 29.
Nd6 Bxf1 30. Rxf1 (30. Kxf1 Nd3) 30... Nd3 31. Nc4 Rb3 32. f4 gxf3 33. Rxf3 Rc3
34. Nxb6 Rxa3 35. Nc4 Rc3 36. Kf1 Rxc4 37. Rxd3 Re4 38. Kf2 Rxe5 39. g4 g5 40.
Kg3 Re1 41. Ra3 Kg7 42. Ra7 Re3+ 43. Kf2 Rd3 44. Rb7 Kg6 45. Rb6 Kf6 46. Rb7
Rd6 47. Kg3 e5 48. Rb4 Rd3+ 49. Kf2 Ke6 50. Rb6+ Rd6 51. Rb8 Rd2+ 52. Kg3 Rd3+
53. Kg2 e4 54. Re8+ Kd5 55. Re7 f6 56. Re8 Ra3 57. Kf2 Rf3+ 58. Kg2 Rc3 59. h3
Rc6 60. Kf2 Kd4 61. Ra8 Rc2+ 62. Kg3 Rc1 63. Rd8+ (63. Ra6) 63... Ke3 64. Rd6
Rg1+ 65. Kh2 Rf1 66. Ra6 f5 67. gxf5 Rxf5 68. Kg3 Rd5 69. Ra2 Kd3 70. Ra3+ Kd2
71. Ra2+ Ke1 72. Ra4 e3 73. Ra1+ Rd1 0-1

[Event "Hoogovens"]
[Site "Wijk aan Zee"]
[Date "1977.01.14"]
[Round "1"]
[White "Kavalek, Lubomir"]
[Black "Kurajica, Bojan"]
[Result "0-1"]
[WhiteElo "2545"]
[BlackElo "2530"]
[Annotator "Bulletin"]
[PlyCount "88"]
[EventDate "1977.01.14"]
[EventType "tourn"]
[EventRounds "11"]
[EventCountry "NED"]
[EventCategory "11"]
[SourceTitle "MCL"]
[Source "ChessBase"]
[SourceDate "1999.07.01"]
[SourceVersion "1"]
[SourceVersionDate "1999.07.01"]
[SourceQuality "1"]

1. d4 Nf6 2. c4 e6 3. Nc3 d5 4. Bg5 Be7 5. e3 O-O 6. Nf3 h6 7. Bh4 b6 8. Qb3 c6
9. Bd3 Nbd7 10. Rd1 Bb7 11. O-O Nh5 12. Bxe7 Qxe7 13. Rfe1 $14 Nhf6 (13... f5)
14. e4 dxe4 15. Nxe4 Rfd8 16. Ng3 (16. c5 Nxe4 17. Bxe4 Rab8 18. Qa3 $14) 16...
Nf8 17. c5 bxc5 18. dxc5 Qc7 19. Nd2 Rd5 20. Nde4 N6d7 21. Qc2 (21. Rc1 Rb8 22.
Qa3 f5) 21... f5 22. Nc3 Rxc5 23. Nge2 Ne5 24. b4 Nxd3 25. Rxd3 $2 (25. Qxd3
Re5 26. f4 Qb6+ 27. Qd4 Re3 28. Kf2 Qxd4 29. Rxd4 e5 30. Kxe3 exd4+ 31. Nxd4 c5
$1 32. bxc5 Rc8 $10) 25... Rc4 26. Qb3 Rg4 27. g3 c5 28. bxc5 Qc6 29. f3 Qxc5+
30. Kg2 Rb4 31. Qd1 Rc4 32. Nb1 Kh7 33. Na3 Rb4 34. Nd4 Rxd4 35. Rxd4 Qxa3 36.
Rd2 Rc8 37. Qe2 Rc3 38. Qb5 Bxf3+ 39. Kf2 Bc6 40. Qe5 Ng6 41. Qxe6 Rf3+ 42. Ke2
Bb5+ 43. Kd1 Ba4+ 44. Ke2 f4 0-1

[Event "EU-chT (Men) 10th"]
[Site "Debrecen"]
[Date "1992.11.??"]
[Round "9.2"]
[White "Chernin, Alexander"]
[Black "Beliavsky, Alexander G"]
[Result "1/2-1/2"]
[WhiteElo "2620"]
[BlackElo "2620"]
[Annotator "Bulletin"]
[PlyCount "123"]
[EventDate "1992.11.20"]
[EventType "team-swiss"]
[EventRounds "9"]
[EventCountry "HUN"]
[SourceTitle "EU-chT"]
[Source "ChessBase"]
[SourceDate "1999.07.01"]
[SourceVersion "2"]
[SourceVersionDate "1999.07.01"]
[SourceQuality "1"]
[WhiteTeam "Hungary"]
[BlackTeam "Ukraine"]
[WhiteTeamCountry "HUN"]
[BlackTeamCountry "UKR"]

1. d4 Nf6 2. c4 e6 3. Nf3 d5 4. Nc3 Be7 5. Bg5 h6 6. Bh4 O-O 7. e3 b6 8. Be2
Bb7 9. Bxf6 Bxf6 10. cxd5 exd5 11. b4 c5 12. bxc5 bxc5 13. Rb1 Qa5 14. Qd2 cxd4
15. Nxd4 Bxd4 16. exd4 Bc6 17. Nd1 $1 (17. Nb5 $6) 17... Qxd2+ (17... Qd8 $142
18. O-O {/\ Ne3, Bf3, Rfc1+/- Chernin,A}) 18. Kxd2 Nd7 19. Rc1 Rac8 (19... Ba4
20. Nb2 Nb6 21. Nxa4 Nxa4 22. Bb5 $16) 20. Ba6 Rc7 21. Ne3 Nb8 22. Be2 Rb7 23.
Rb1 Rd8 24. Bf3 Na6 25. Rxb7 Bxb7 26. Rc1 (26. Rb1 $1 Bc6 27. Rc1 Bb7 $8 28.
Rc3 {/\ Ra3-a5+-}) 26... Kf8 27. Rc3 g6 28. Ra3 Rd7 29. Ra5 Nc7 30. Rxa7 Nb5
31. Ra4 Bc6 32. Rb4 Ra7 33. a4 Nc7 34. Bd1 Ke7 35. Bc2 Kd6 36. h4 h5 37. Nd1
Ra8 38. Nb2 f6 39. Nd1 g5 40. Ne3 gxh4 41. Nf5+ Kd7 42. Nxh4 Ne8 43. Nf5 Nd6
44. Nxd6 Kxd6 45. Ke3 h4 46. Kf3 Bd7 47. Rb6+ Ke7 48. Rb1 Rc8 49. Bb3 Kd6 50.
a5 Bf5 51. Rb2 Be4+ 52. Kg4 Bxg2 53. Kxh4 Bf1 54. Bc2 Rc3 55. Bb1 Rc4 56. Rd2
Ra4 57. Kh5 Rxa5 58. Kg6 Ra1 59. Bd3 Bxd3+ 60. Rxd3 Rf1 61. f3 Ke7 62. Kf5
1/2-1/2

[Event "EU-chT (Men) 10th"]
[Site "Debrecen"]
[Date "1992.11.??"]
[Round "3.1"]
[White "Hulak, Krunoslav"]
[Black "Short, Nigel D"]
[Result "0-1"]
[WhiteElo "2515"]
[BlackElo "2685"]
[Annotator "Bulletin"]
[PlyCount "50"]
[EventDate "1992.11.20"]
[EventType "team-swiss"]
[EventRounds "9"]
[EventCountry "HUN"]
[SourceTitle "EU-chT"]
[Source "ChessBase"]
[SourceDate "1999.07.01"]
[SourceVersion "2"]
[SourceVersionDate "1999.07.01"]
[SourceQuality "1"]
[WhiteTeam "Croatia"]
[BlackTeam "England"]
[WhiteTeamCountry "CRO"]
[BlackTeamCountry "ENG"]

1. d4 Nf6 2. Nf3 d5 3. c4 e6 4. Nc3 Be7 5. Bg5 O-O 6. e3 h6 7. Bh4 b6 8. Be2
Bb7 9. Bxf6 Bxf6 10. cxd5 exd5 11. b4 c6 12. O-O Re8 13. Qb3 a5 14. bxa5 Rxa5
15. Rfe1 Nd7 16. e4 c5 17. Nxd5 Bxd5 (17... cxd4 $1 $17 {/\ Nc5, Re4}) 18. exd5
cxd4 19. Bb5 Nc5 20. Qc4 (20. Rxe8+ Qxe8 21. Bxe8 Nxb3 22. Rb1 Rxa2 $17) 20...
Re4 21. Rad1 (21. a4 $6 Ra7 22. Rad1 Rae7 $15) 21... Ra3 22. Nxd4 (22. Rxe4 $8
Nxe4 23. Nxd4 Nd6 24. Qe2 Bxd4 25. Rxd4 Qf6 $10) 22... Rd3 23. Nf5 (23. Nc6
Rxd1 24. Rxd1 Rxc4 25. Nxd8 Rb4) (23. Qxd3 Rxe1+ 24. Rxe1 Nxd3 25. Re8+ Qxe8
26. Bxe8 Bxd4) 23... Rxd1 24. Rxd1 Rxc4 25. Bxc4 Qd7 0-1

[Event "World U20-ch22"]
[Site "Belfort"]
[Date "1983.08.14"]
[Round "3"]
[White "Stohl, Igor"]
[Black "Georgiev, Kiril"]
[Result "1/2-1/2"]
[WhiteElo "2335"]
[BlackElo "2410"]
[Annotator "Bulletin/Primel,D"]
[PlyCount "84"]
[EventDate "1983.08.12"]
[EventType "swiss"]
[EventRounds "13"]
[EventCountry "FRA"]
[SourceTitle "EXT 2004"]
[Source "ChessBase"]
[SourceDate "2003.11.25"]
[SourceVersion "1"]
[SourceVersionDate "2003.11.25"]
[SourceQuality "1"]
[TimeControl "40/9000:16/5400:0"]

1. Nf3 d5 2. c4 e6 3. d4 Nf6 4. Bg5 Be7 5. Nc3 O-O 6. e3 h6 7. Bh4 b6 8. Qc2
Bb7 9. Rd1 Nbd7 10. cxd5 Nxd5 (10... exd5 11. Bd3) 11. Bg3 c5 12. Bb5 (12. Nxd5
exd5 13. dxc5 bxc5 14. Be2 Qa5+ 15. Nd2 Ba6 16. b4 cxb4 17. Nb3 Qb6 18. Rxd5
Rac8 19. Qd2 Bxe2 20. Rxd7 Bb5 21. Rxe7 Rfd8 22. Nd4 Qg6 23. Qd1 Rxd4 24. exd4
Qc6 25. f3 Qc3+ 26. Qd2 Qa3 {Romanishin,O (2595)-Geller,E (2615)/Moscow 1981/
EXT 2002/1-0}) 12... N7f6 13. dxc5 {[%cal Gd1d8]} Qc8 $1 (13... bxc5 14. O-O {
[%cal Ge3e4,Gd1d8]}) 14. Bd6 (14. c6 Nb4 {[%cal Gb4c6,Gb4c2]}) (14. cxb6 axb6
$44 {[%csl Re1][%cal Ga8a2]}) 14... Bxd6 15. cxd6 Rd8 16. O-O Rxd6 $11 17. Ba4
Ba6 18. Nxd5 Rxd5 19. Rxd5 Qxc2 20. Bxc2 Nxd5 21. Rd1 Rc8 22. Bb3 Be2 $1 {
Assure une bonne finale aux Noirs} 23. Re1 Bxf3 24. gxf3 Kf8 25. Rd1 Nf6 {
Avec la nullité conclue au 42ème coup (suite non disponible)} (25... Ke7 $5 26.
Bxd5 exd5 27. Rxd5 Rc2 28. Rb5 Kd6 $44) 26. f4 Ke7 27. Kg2 g5 (27... Ne4 28.
Kf3 Nc5) 28. fxg5 hxg5 {[%csl Rh2]} 29. Rd4 Nd7 30. Rg4 Rc5 31. Rc4 $1 {
Après l'échange des R, le B sera un peu meilleur que le N} f5 32. Kg3 Nf6 33.
f3 e5 34. Rxc5 bxc5 35. h4 $1 Nh5+ 36. Kh3 f4 37. hxg5 fxe3 38. Kg2 Nf4+ 39.
Kf1 Kf8 40. g6 Kg7 41. Bc2 Kf6 42. Be4 Kg7 1/2-1/2

[Event "Teheran FIDE GP (Women)"]
[Site "Teheran"]
[Date "2016.02.11"]
[Round "1"]
[White "Zhao, Xue"]
[Black "Koneru, Humpy"]
[Result "0-1"]
[WhiteElo "2506"]
[BlackElo "2583"]
[Annotator "CB"]
[PlyCount "82"]
[EventDate "2016.02.11"]
[EventType "tourn"]
[EventRounds "11"]
[EventCountry "IRI"]
[EventCategory "11"]
[SourceTitle "CBM 171"]
[Source "ChessBase"]
[SourceDate "2016.03.14"]
[SourceVersion "2"]
[SourceVersionDate "2016.03.14"]
[SourceQuality "1"]

1. c4 e6 2. Nf3 Nf6 3. Nc3 d5 4. d4 Be7 5. Bg5 h6 6. Bh4 O-O 7. e3 b6 8. Be2
Bb7 9. Bxf6 Bxf6 10. cxd5 exd5 11. Qb3 Re8 12. O-O c6 13. Rfd1 Nd7 14. Rac1 Nf8
15. Rd2 Be7 (15... Qd6 16. a3 Ne6 17. Qd1 Be7 18. b4 a5 19. Rb2 axb4 20. axb4
Ra3 21. Ne5 Rea8 22. g3 Bf6 23. Nd3 Bc8 24. Rb3 Bd7 25. Rxa3 Rxa3 26. Qd2 Ra8
27. h4 Nc7 28. Bf3 Bf5 {1/2-1/2 (28) Taimanov,M (2530)-Beliavsky,A (2555) Baku
1977}) 16. Qa4 Nd7 17. b4 {Der angestrebte Minoritätsangriff erzielt hier
keine Wirkung.} b5 18. Qb3 a5 19. a3 (19. bxa5 $5 Qxa5 $15) 19... Nb6 {Visiert
c4 an, was die c-Linie verstopfen würde.} 20. Ne1 {Und dieser Springer
möchte nach c5.} Nc4 $17 21. Ra2 Bd6 22. Rca1 Qh4 23. g3 Qe7 24. Nd3 Bc8 ({
Interessant war auch} 24... Nxe3 25. fxe3 Qxe3+ 26. Kg2 Qxd4 $17 {mit drei
Bauern für die Figur und Angriff.}) 25. Nd1 Bf5 26. Nc5 a4 27. Qc3 g5 28. Qe1
g4 29. Nc3 h5 30. h4 $2 {Dieser Versuch, den Vormarsch des h-Bauern zu stoppen,
scheitert an...} gxh3 31. Bxh5 Qg5 32. Bf3 Bxg3 $1 {Danach ist die Partie
gelaufen. Die weiße Stellung bricht nun unter den wuchtigen schwarzen
Schlägen zusammen.} 33. Nd1 (33. fxg3 Rxe3 $19 {und die ganze dritte Reihe
hängt, zudem ist die Dame angegriffen.}) 33... Be5+ 34. Kh1 Bxd4 35. Rc1 Kh8
36. Nc3 Be5 37. Ne2 Rg8 38. Nd4 (38. Ng3 Rae8 {mit der Absicht} 39. Z0 Bxg3 $19
) 38... Bxd4 39. exd4 Rae8 40. Qc3 Qf4 (40... h2 41. Raa1 Bh3 {gefolgt von} 42.
Z0 Bg2+ 43. Kxh2 Qh4+ 44. Kg1 Qh1#) 41. Rf1 Rg2 0-1

[Event "ARM-ch"]
[Site "Yerevan"]
[Date "1995.??.??"]
[Round "10"]
[White "Lputian, Smbat G"]
[Black "Petrosian, Arshak B"]
[Result "1-0"]
[WhiteElo "2585"]
[BlackElo "2435"]
[Annotator "Chekhov,V"]
[PlyCount "65"]
[EventDate "1995.08.??"]
[EventType "tourn"]
[EventRounds "11"]
[EventCountry "ARM"]
[EventCategory "10"]
[SourceTitle "CBM 050"]
[Source "ChessBase"]
[SourceDate "1996.02.01"]
[SourceVersion "1"]
[SourceVersionDate "1996.02.01"]
[SourceQuality "1"]

1. d4 Nf6 2. c4 e6 3. Nf3 d5 4. Nc3 Be7 5. Bg5 h6 6. Bh4 O-O 7. e3 b6 8. Be2
Bb7 9. Bxf6 Bxf6 10. cxd5 exd5 11. b4 c6 12. O-O Re8 13. Qb3 a5 14. bxa5 Rxa5
15. Rfe1 Nd7 16. a4 Ba6 (16... Qa8 $5 17. Rab1 Ba6 18. Bxa6 Qxa6 19. h3 Re6 20.
e4 dxe4 21. Rxe4 Rxe4 22. Nxe4 Be7 $10 {Polaczek,R-Vaganian,R/Eupen/1994/0,5/
47/}) (16... Be7 $6 17. Rab1 Bd6 18. e4 $1 dxe4 19. Bc4 Rf8 20. Nxe4 $36 {
Mitenkov,A-Akhmadeev,V/RUS/1994/0,5/60/}) (16... g6 $5 17. Rab1 (17. e4 $6 c5
$1 18. Nxd5 cxd4 19. Bb5 Nc5 20. Nxf6+ Qxf6 21. Qb4 Rxe4 22. Rxe4 Bxe4 23. Nxd4
Ra8 24. Qc3 Rd8 25. Ne2 Qg5 $15 {Karpov,An-Short,N/Monaco/1993/0,5/41/}) 17...
Bg7 18. Bf1 Ba6 19. Bxa6 Rxa6 20. Rec1 Bf8 21. Ne1 Bd6 22. Nd3 Nf6 23. h3 $14 {
Epishin,V-Lutz,C/Dortmund/1994/0,5/53/}) 17. Bxa6 (17. Rac1 Bxe2 18. Rxe2 c5 $1
19. Nxd5 cxd4 20. Nxf6+ Qxf6 21. Nxd4 Nc5 22. Qd1 Rea8 $10 {Lutz,C-Lobron,E/
Munich/1993/0,5/27/}) 17... Rxa6 18. e4 $5 (18. Rad1 $5 Ra5 19. Re2 (19. e4
dxe4 20. Nxe4 Re6 21. Re3 Rd5 22. Nxf6+ Qxf6 23. Rxe6 Qxe6 24. Re1 Re5 $1 25.
Qxe6 Rxe6 $10 {Gurevich,M-Van Der Sterren,P/Wijk aan Zee/1993/0,5/26/}) 19...
Re6 20. Rc2 Qa8 $14 {Epishin,V-Goldin,A/Novosibirsk/1993/1|0/57/}) 18... dxe4
19. Nxe4 Re6 $5 {/N/} (19... Ra8 20. Rad1 Qc7 21. Qc4 $14 {Brenninkmeijer,
J-Hedke,F/Groningen/1994/0,5/45/}) 20. Ra2 $1 (20. Re3 $6 b5 $1) (20. Rad1 Ra5)
20... Ra5 21. Rae2 Rd5 22. Qc4 (22. Nxf6+ Qxf6 23. Rxe6 fxe6 24. Qc4 c5 25.
dxc5 Nxc5 26. h3 $14) 22... Nf8 23. Nxf6+ Rxf6 (23... Qxf6 $2 24. Rxe6 Nxe6 25.
Qxc6 $18) 24. Re8 Qd6 25. Qb3 $1 $14 Kh7 $6 (25... c5 $5 26. dxc5 Qxc5 27. Rb8
Re6 28. Rxe6 fxe6 29. g3 (29. h4 $4 Qd6 $19) 29... Rd6) 26. h4 $1 (26. Qxb6 Ne6
27. a5 Rxf3 $1 28. gxf3 Nxd4 29. R1e3 Rh5) 26... Ne6 27. Qb1+ g6 28. Qxb6 Nxd4
(28... Rxf3 29. R1xe6 Qf4 (29... fxe6 30. Qb7+ Qd7 31. Re7+ $18) 30. gxf3 $18)
29. Ne5 Nc2 30. Qa7 $1 Nxe1 $6 (30... Qc5 $142 31. Qxc5 Rxc5 32. Rc1 Re6 33.
Rxe6 fxe6 34. Nd7 Rc4 35. a5) 31. Nxf7 Qd7 32. Ng5+ $18 hxg5 33. Re7+ 1-0